000 00578nam a2200229 a 4500
999 _c4923
_d4923
001 4923
003 BD-JhCC
005 20171209164206.0
008 171209s1956 e |||| || | 000 0 eng d
035 _a(BD-JhCC)4923
040 _aBD-JhCC
_dBD-JhCC
041 _aeng
082 _a658.3
_bLYN 1956
100 _aLynch, James J.
245 _aMaking Manpower Effective /
_cJames J. Lynch,
260 _aLondon :
_bPan Books Ltd,
_c1956.
300 _a68 p. :
_c18 cm.
650 _aManpower Policy
650 _aPersonnel Management
942 _2ddc
_cBK